| 000 | 00700cam a2200229 i 4500 | ||
|---|---|---|---|
| 001 | 110584 | ||
| 005 | 20230410130921.0 | ||
| 008 | 130617s1995 it a 000 0 ita | ||
| 020 | _a9788886095082 | ||
| 020 | _a8886095082 | ||
| 050 | 1 | 4 |
_aPQ 7797 _bC827r 1995 |
| 082 | 0 | 0 | _a863 |
| 100 | 1 |
_aCortazar, Julio, _d1914-1984. |
|
| 245 | 1 | 3 |
_aLe ragioni della collera / _cJulio Cortazar ; traduzione di Gianni Toti ; prefazione di Rosalba Campra. |
| 260 |
_aRoma : _bEdizioni Fahrenheit 451, _c1995. |
||
| 300 |
_a285 p. : _c21 cm. |
||
| 440 | 0 | _aLe upoetÃe. | |
| 500 | _aTesto orig. a fronte. | ||
| 650 | 4 | _aLiteratura argentina. | |
| 650 | 4 | _aPrimera Jornada de Catalogacion. | |
| 942 |
_2lcc _cbk |
||
| 999 |
_c82704 _d82704 |
||